Adrar City Quiz - Statistics

General Stats
  • This quiz has been taken 4 times
  • The average score is 4 of 15
Answer Stats
Clue Answer % Correct
Country that detonated nuclear weapons near the town in the 1960s France
100%
Desert it is situated in Sahara
100%
Localities of the town Adrar
67%
Province it is in Adrar Province
67%
Main sector of the economy Agriculture
67%
National highway it is on N6
33%
Localities of the town Adgha
0%
Localities of the town Barbaa
0%
Localities of the town Meraguen
0%
Localities of the town Ouguedim
0%
Localities of the town Ouled Ali
0%
Localities of the town Ouled Ouchen
0%
Localities of the town Ouled Oungal
0%
Localities of the town Tililane
0%
Region of the above it is in Touat
0%
No matching quizzes found
Score Distribution
Percent of People with Each Score
Percentile by Number Answered
Your Score History
You have not taken this quiz